[Event "Oberliga Baden 2122"]
[Site "Germany"]
[Date "2021.11.14"]
[Round "3.3"]
[White "Schmider, Niklas"]
[Black "Tschann, Stephan"]
[Result "0-1"]
[WhiteElo "2344"]
[BlackElo "2223"]
[PlyCount "92"]
[EventDate "2021.10.10"]
[EventType "team-tourn"]
[EventRounds "11"]
[EventCountry "GER"]
[SourceTitle "EXT 2023"]
[Source "ChessBase"]
[SourceDate "2022.10.05"]
[SourceVersion "1"]
[SourceVersionDate "2022.10.05"]
[SourceQuality "1"]
[WhiteTeam "Baden-Baden III"]
[BlackTeam "Ettlingen"]
[WhiteTeamCountry "GER"]
[BlackTeamCountry "GER"]

1. e4 c5 2. Nf3 d6 3. d4 cxd4 4. Nxd4 Nf6 5. Nc3 a6 6. Bg5 e6 7. f4 Be7 8. Qf3 Qc7 9. 0-0-0 Nbd7 10. g4 h6 11. Bxf6 Bxf6 12. h4 Nb6 13. g5 Bxd4 14. Rxd4 Qc5 15. Qd3 hxg5 16. Rxd6 Rxh4 17. Rxh4 gxh4 18. Rd8+ Ke7 19. Rg8 Bd7 20. Rxg7 Rd8 21. f5 Qf2 22. Rg2 Qf4+ 23. Rd2 Rc8 24. Bg2 Rg8 25. Ne2 Qc7 26. Qh3 Nc4 27. Rd3 Qe5 28. Rd4 Bb5 29. Qxh4+ Qf6 30. Qxf6+ Kxf6 31. a4 e5 32. Rd1 Rxg2 33. axb5 Rxe2 34. bxa6 bxa6 35. b3 Ne3 36. Rd6+ Kg5 37. c4 Kf4 38. Rxa6 Kxe4 39. Rf6 Nxf5 40. c5 Nd4 41. b4 Kd3 42. Rxf7 Kc3 43. Kd1 Rb2 44. Ke1 Rxb4 45. Re7 Kd3 46. Kf2 e4 0-1

[Event "Baden-ch"]
[Site "Niefern"]
[Date "2019.07.28"]
[Round "7"]
[White "Tschann, Stephan"]
[Black "Trifan, Andrei Ioan"]
[Result "0-1"]
[WhiteElo "2196"]
[BlackElo "2247"]
[PlyCount "70"]
[EventDate "2019.07.24"]
[EventType "swiss"]
[EventRounds "7"]
[EventCountry "GER"]
[SourceTitle "CBM 191 Extra"]
[Source "ChessBase"]
[SourceDate "2019.09.30"]
[SourceVersion "1"]
[SourceVersionDate "2019.09.30"]
[SourceQuality "1"]

1. d4 Nf6 2. Nf3 g6 3. Nbd2 c5 4. dxc5 Qa5 5. a3 Qxc5 6. c4 Bg7 7. b4 Qc7 8. Bb2 0-0 9. Rc1 b6 10. e3 Bb7 11. Bd3 d6 12. 0-0 Nbd7 13. Nb1 Rac8 14. Nc3 Qb8 15. Qe2 Qa8 16. Nb1 Ne4 17. Bxg7 Kxg7 18. Qb2+ Kg8 19. Rfd1 Rc7 20. Rc2 Rfc8 21. Rdc1 h6 22. Be2 Ng5 23. Nxg5 hxg5 24. Bf1 Be4 25. Rd2 Ne5 26. Rd4 b5 27. c5 dxc5 28. Rxc5 Rxc5 29. bxc5 Bxb1 30. Qxb1 Rxc5 31. Bxb5 Qb7 32. Rb4 a5 33. Rb3 Qc7 34. Bf1 Rc1 35. Qb2 Qc4 0-1

[Event "Oberliga Baden 1617"]
[Site "Baden"]
[Date "2017.03.19"]
[Round "7.3"]
[White "Mueller, Olaf"]
[Black "Tschann, Stephan"]
[Result "1-0"]
[WhiteElo "2309"]
[BlackElo "2222"]
[PlyCount "101"]
[EventDate "2016.10.16"]
[EventType "team-tourn"]
[EventRounds "9"]
[EventCountry "GER"]
[SourceTitle "EXT 2018"]
[Source "ChessBase"]
[SourceDate "2017.10.13"]
[SourceVersion "1"]
[SourceVersionDate "2017.10.13"]
[SourceQuality "1"]
[WhiteTeam "Walldorf"]
[BlackTeam "Ettlingen"]
[WhiteTeamCountry "GER"]
[BlackTeamCountry "GER"]

1. c4 e6 2. Nf3 d5 3. d4 Nf6 4. g3 Be7 5. Bg2 0-0 6. 0-0 dxc4 7. Qc2 a6 8. a4 Bd7 9. Qxc4 Bd6 10. Bf4 Bc6 11. Nc3 Bxf4 12. gxf4 a5 13. e3 Qe7 14. Rac1 Ra6 15. Qc5 Qd8 16. Rfd1 Nbd7 17. Qa3 Rb6 18. Ne5 Bxg2 19. Kxg2 Nd5 20. Nc4 Ra6 21. Qb3 N7b6 22. Ne5 Qh4 23. Rg1 Nxc3 24. bxc3 Nd5 25. Qc2 f5 26. Kh1 Rf6 27. Rg2 Rh6 28. Rcg1 g6 29. Rb1 b6 30. Qd3 Ra8 31. Qc4 Qe7 32. Qc6 Rd8 33. Rb3 Nf6 34. Qc4 Re8 35. Qb5 Ne4 36. c4 Rf8 37. f3 Qh4 38. Rb1 Nc3 39. Qd7 Nxb1 40. Qxe6+ Kg7 41. Nd7 Rd8 42. c5 bxc5 43. Qe5+ Kf7 44. Qxc7 Qe7 45. Ne5+ Kf8 46. Qxa5 Rc8 47. Qa6 Rb8 48. Nc6 Qb7 49. Nxb8 Qxb8 50. Qf6+ Ke8 51. Qh8+ 1-0

[Event "Basel op"]
[Site "Basel"]
[Date "2017.01.05"]
[Round "5"]
[White "Tschann, Stephan"]
[Black "Thiel, Thomas"]
[Result "1-0"]
[WhiteElo "2208"]
[BlackElo "2297"]
[PlyCount "51"]
[EventDate "2017.01.02"]
[EventType "swiss"]
[EventRounds "9"]
[EventCountry "SUI"]
[SourceTitle "CBM 176 Extra"]
[Source "ChessBase"]
[SourceDate "2017.03.02"]
[SourceVersion "1"]
[SourceVersionDate "2017.03.02"]
[SourceQuality "1"]

1. d4 d5 2. c4 e5 3. dxe5 d4 4. Nf3 Nc6 5. Nbd2 Qe7 6. g3 Bf5 7. Bg2 0-0-0 8. 0-0 d3 9. e3 Bg4 10. Qb3 Qb4 11. Qxb4 Bxb4 12. a3 Bxd2 13. Bxd2 Bxf3 14. Bxf3 Nxe5 15. Be4 Nxc4 16. Bc3 Nf6 17. Bf5+ Kb8 18. b3 Nd6 19. Bxd3 Nde4 20. Bxe4 Nxe4 21. Bxg7 Rhg8 22. Rfd1 Nd2 23. Bf6 Nxb3 24. Bxd8 Nxa1 25. Bf6 Nc2 26. Bb2 1-0

[Event "Oberliga Baden 1516"]
[Site "Baden"]
[Date "2016.01.31"]
[Round "6.3"]
[White "Tschann, Stephan"]
[Black "Dobosz, Henryk"]
[Result "0-1"]
[WhiteElo "2260"]
[BlackElo "2389"]
[PlyCount "77"]
[EventDate "2015.09.20"]
[EventType "team-tourn"]
[EventRounds "9"]
[EventCountry "GER"]
[SourceTitle "EXT 2018"]
[Source "ChessBase"]
[SourceDate "2017.10.13"]
[SourceVersion "1"]
[SourceVersionDate "2017.10.13"]
[SourceQuality "1"]
[WhiteTeam "Ettlingen"]
[BlackTeam "Buchen"]
[WhiteTeamCountry "GER"]
[BlackTeamCountry "GER"]

1. d4 d5 2. c4 c6 3. Nf3 Nf6 4. e3 Bg4 5. h3 Bh5 6. cxd5 Bxf3 7. Qxf3 cxd5 8. Nc3 e6 9. Bd3 Nc6 10. Bd2 Bd6 11. 0-0 0-0 12. Rfc1 Qe7 13. a3 Rad8 14. Qe2 e5 15. dxe5 Qxe5 16. f4 Qe7 17. Nb5 Bc5 18. Kh1 Rfe8 19. Nc7 Qxc7 20. Rxc5 Qe7 21. Rcc1 d4 22. Re1 Ne4 23. Bxe4 Qxe4 24. Qb5 Qc2 25. Re2 a6 26. Qxb7 Qc4 27. Ree1 Rb8 28. exd4 Red8 29. Qc7 Rbc8 30. Qb6 Nxd4 31. Rac1 Nc2 32. Ba5 Re8 33. Rxe8+ Rxe8 34. Qf2 Re2 35. Qf3 h6 36. b3 Qb5 37. a4 Qe8 38. Qd3 Ne1 39. Bxe1 0-1

[Event "GER-ch 86th"]
[Site "Saarbruecken"]
[Date "2015.12.11"]
[Round "9"]
[White "Zuferi, Enis"]
[Black "Tschann, Stephan"]
[Result "1-0"]
[WhiteElo "2210"]
[BlackElo "2262"]
[PlyCount "79"]
[EventDate "2015.12.03"]
[EventType "swiss"]
[EventRounds "9"]
[EventCountry "GER"]
[SourceTitle "CBM 169 Extra"]
[Source "ChessBase"]
[SourceDate "2015.12.18"]
[SourceVersion "1"]
[SourceVersionDate "2015.12.18"]
[SourceQuality "1"]

1. d4 Nf6 2. Nf3 d5 3. c4 e6 4. Nc3 Bb4 5. Qb3 c5 6. Bg5 h6 7. Bxf6 Qxf6 8. dxc5 Bxc3+ 9. bxc3 dxc4 10. Qxc4 0-0 11. e4 e5 12. Be2 Be6 13. Qb5 Nd7 14. 0-0 Rfc8 15. c6 bxc6 16. Qa5 Qf4 17. Rfe1 Rab8 18. Bd1 Rb7 19. Bb3 Bg4 20. Re3 Rb5 21. Qxa7 Nc5 22. Bc4 Nxe4 23. Bxb5 cxb5 24. h3 Be6 25. Qa3 Kh7 26. Qb2 Bc4 27. Qb1 f5 28. Qe1 Rc6 29. g3 Rg6 30. Kh2 Nxg3 31. fxg3 Rxg3 32. Qxg3 Qxe3 33. Rg1 g5 34. Re1 Qd3 35. Nxe5 Qd2+ 36. Kg1 Bd5 37. Qf2 Qxc3 38. Qxf5+ Kg7 39. Qg6+ Kh8 40. Qxh6+ 1-0

[Event "GER-ch 86th"]
[Site "Saarbruecken"]
[Date "2015.12.07"]
[Round "5"]
[White "Dorst, Johannes"]
[Black "Tschann, Stephan"]
[Result "1-0"]
[WhiteElo "2224"]
[BlackElo "2262"]
[PlyCount "75"]
[EventDate "2015.12.03"]
[EventType "swiss"]
[EventRounds "9"]
[EventCountry "GER"]
[SourceTitle "CBM 169 Extra"]
[Source "ChessBase"]
[SourceDate "2015.12.18"]
[SourceVersion "1"]
[SourceVersionDate "2015.12.18"]
[SourceQuality "1"]

1. e4 e5 2. Nf3 Nc6 3. Bc4 Bc5 4. c3 Nf6 5. d3 a6 6. Nbd2 Ba7 7. Nf1 d6 8. Bb3 d5 9. Qe2 dxe4 10. dxe4 Ng4 11. Ne3 0-0 12. Nxg4 Bxg4 13. h3 Bd7 14. 0-0 Qe8 15. Nh4 Kh8 16. Qf3 Be6 17. Bc2 f6 18. Nf5 Qf7 19. b3 Bc5 20. b4 Ba7 21. a4 Ne7 22. Rd1 Rfd8 23. Be3 Bxe3 24. Qxe3 Nxf5 25. exf5 Bc4 26. Be4 c6 27. Qb6 Qe7 28. a5 Bb3 29. Rdb1 Bc4 30. Rd1 Rd7 31. Rxd7 Qxd7 32. Bf3 Bb3 33. b5 Bd5 34. bxc6 bxc6 35. Rd1 Qxf5 36. c4 Bxc4 37. Qxc6 Qc8 38. Qxa8 1-0

[Event "GER-ch 86th"]
[Site "Saarbruecken"]
[Date "2015.12.04"]
[Round "2"]
[White "Tschann, Stephan"]
[Black "Donchenko, Alexander"]
[Result "1/2-1/2"]
[WhiteElo "2262"]
[BlackElo "2582"]
[PlyCount "148"]
[EventDate "2015.12.03"]
[EventType "swiss"]
[EventRounds "9"]
[EventCountry "GER"]
[SourceTitle "CBM 169 Extra"]
[Source "ChessBase"]
[SourceDate "2015.12.18"]
[SourceVersion "1"]
[SourceVersionDate "2015.12.18"]
[SourceQuality "1"]

1. c4 Nf6 2. Nf3 e6 3. g3 a6 4. e3 d5 5. b3 c5 6. Bg2 Nc6 7. 0-0 Bd6 8. d4 cxd4 9. Nxd4 Nxd4 10. Qxd4 dxc4 11. Rd1 Be7 12. Qxd8+ Bxd8 13. bxc4 Ra7 14. a4 b6 15. a5 bxa5 16. Bd2 Nd7 17. Bxa5 Bxa5 18. Rxa5 Rc7 19. c5 Ke7 20. c6 Nb8 21. Na3 Nxc6 22. Rc5 Rd7 23. Rdc1 Na7 24. Nc4 Rhd8 25. Nb6 Rd1+ 26. Bf1 Rxc1 27. Rxc1 Kd6 28. Rd1+ Ke7 29. Rc1 Bd7 30. Rc7 Nc8 31. Nxd7 Kd6 32. Rc2 Kxd7 33. Bxa6 Nd6 34. Be2 g5 35. h3 Ke7 36. Rc7+ Kf6 37. Bh5 Rf8 38. Kg2 Nf5 39. Rb7 Ng7 40. Bf3 Rd8 41. g4 Ne8 42. Ra7 Nd6 43. Kg3 h6 44. h4 Rc8 45. hxg5+ hxg5 46. Ra6 Nc4 47. Rc6 Rxc6 48. Bxc6 Ke7 49. Bb5 Nd6 50. Bd3 Kd7 51. Kf3 Kc6 52. Bh7 Kd5 53. Ke2 f6 54. Bd3 Nf7 55. Ba6 Ne5 56. f3 Nd7 57. Bb7+ Kc4 58. Kd2 Nc5 59. Bc6 Kb4 60. Be8 Nb7 61. Bf7 Nd8 62. Be8 Kc4 63. Bd7 Kd5 64. Be8 Nc6 65. Bxc6+ Kxc6 66. Kc2 f5 67. gxf5 exf5 68. Kd3 Kd5 69. Ke2 g4 70. e4+ Ke5 71. exf5 g3 72. f4+ Kxf5 73. Kf3 g2 74. Kxg2 Kxf4 1/2-1/2

[Event "Oberliga Baden 1415"]
[Site "Baden"]
[Date "2015.03.15"]
[Round "8.2"]
[White "Vonthron, Horst"]
[Black "Tschann, Stephan"]
[Result "1-0"]
[WhiteElo "2364"]
[BlackElo "2281"]
[PlyCount "105"]
[EventDate "2014.09.21"]
[EventType "team-tourn"]
[EventRounds "9"]
[EventCountry "GER"]
[SourceTitle "EXT 2016"]
[Source "ChessBase"]
[SourceDate "2015.10.08"]
[SourceVersion "1"]
[SourceVersionDate "2015.10.08"]
[SourceQuality "1"]
[WhiteTeam "Walldorf"]
[BlackTeam "Ettlingen"]
[WhiteTeamCountry "GER"]
[BlackTeamCountry "GER"]

1. e4 c6 2. d4 d5 3. exd5 cxd5 4. Bd3 Nc6 5. c3 Qc7 6. Ne2 Bg4 7. f3 Bd7 8. Bf4 e5 9. dxe5 Nxe5 10. Bc2 Nf6 11. Nd2 Bd6 12. 0-0 0-0 13. Nd4 Rfe8 14. Kh1 Qb6 15. Qb1 h6 16. Bf5 Nc4 17. Nxc4 dxc4 18. Bxd7 Nxd7 19. Bxd6 Qxd6 20. Qf5 Re5 21. Qf4 Rae8 22. b3 Nb6 23. Qg3 cxb3 24. axb3 Qc5 25. Rae1 Kf8 26. h3 Nd7 27. f4 Rxe1 28. Rxe1 Rxe1+ 29. Qxe1 Qd5 30. Qf2 Nc5 31. Qa2 Kg8 32. Qa5 b6 33. Qxa7 Nd3 34. Qxb6 Qe4 35. Qc6 Qxf4 36. Qc8+ Kh7 37. Qf5+ Qxf5 38. Nxf5 Kg6 39. Nd4 Kf6 40. Kg1 Ke5 41. Kf1 Ke4 42. g3 f5 43. Ne6 g5 44. b4 Ke5 45. Nd4 h5 46. Ke2 Nb2 47. Nf3+ Kf6 48. Ke3 g4 49. hxg4 fxg4 50. Ne1 Kg5 51. Ng2 Kf5 52. Kd4 Nd1 53. Ne3+ 1-0

[Event "Oberliga Baden 1415"]
[Site "Baden"]
[Date "2015.01.18"]
[Round "5.2"]
[White "Tschann, Stephan"]
[Black "Riff, Jean Noel"]
[Result "0-1"]
[WhiteElo "2266"]
[BlackElo "2496"]
[PlyCount "84"]
[EventDate "2014.09.21"]
[EventType "team-tourn"]
[EventRounds "9"]
[EventCountry "GER"]
[SourceTitle "EXT 2016"]
[Source "ChessBase"]
[SourceDate "2015.10.08"]
[SourceVersion "1"]
[SourceVersionDate "2015.10.08"]
[SourceQuality "1"]
[WhiteTeam "Ettlingen"]
[BlackTeam "Baden-Baden III"]
[WhiteTeamCountry "GER"]
[BlackTeamCountry "GER"]

1. Nf3 d5 2. c4 c6 3. e3 Nf6 4. Nc3 e6 5. b3 Bd6 6. Bb2 0-0 7. Be2 Nbd7 8. Qc2 a6 9. d4 b5 10. 0-0 Bb7 11. Rfd1 Qb8 12. e4 b4 13. Nxd5 cxd5 14. e5 dxc4 15. bxc4 Be4 16. Qd2 Be7 17. exf6 Nxf6 18. Ne5 Qb7 19. f3 Bf5 20. Rac1 Rfd8 21. g4 Bg6 22. h4 h6 23. Nxg6 fxg6 24. Qe3 Re8 25. g5 hxg5 26. hxg5 Nh5 27. f4 Bd6 28. Bxh5 gxh5 29. c5 Bc7 30. c6 Qb5 31. Rc5 Qa4 32. Ra1 Bd6 33. Rc4 Qa5 34. Rac1 Qf5 35. Rf1 Rf8 36. Bc1 Qg4+ 37. Kh1 Bxf4 38. Rxf4 Rxf4 39. Qxf4 Qd1+ 40. Kg2 Qe2+ 41. Kg3 Qxc4 42. g6 Qd3+ 0-1

[Event "Baden-ch"]
[Site "Waldshut Tiengen"]
[Date "2014.06.21"]
[Round "8"]
[White "Tschann, Stephan"]
[Black "Meijers, Viesturs"]
[Result "0-1"]
[WhiteElo "2250"]
[BlackElo "2477"]
[PlyCount "57"]
[EventDate "2014.06.14"]
[EventType "tourn"]
[EventRounds "9"]
[EventCountry "GER"]
[SourceTitle "CBM 160 Extra"]
[Source "ChessBase"]
[SourceDate "2014.07.01"]
[SourceVersion "1"]
[SourceVersionDate "2014.07.01"]
[SourceQuality "1"]

1. d4 Nf6 2. Nf3 e6 3. c4 Bb4+ 4. Bd2 a5 5. a3 Be7 6. Nc3 d5 7. Bf4 0-0 8. Rc1 b6 9. cxd5 exd5 10. Nb5 c6 11. Bxb8 cxb5 12. Bc7 Qe8 13. Bxb6 b4 14. Bc5 bxa3 15. bxa3 Bd7 16. e3 Ba4 17. Qd3 Ne4 18. Nd2 Nxc5 19. dxc5 Qc6 20. Nb3 Bxb3 21. Qxb3 Bxc5 22. Qc2 Qd6 23. Bd3 Rac8 24. Bxh7+ Kh8 25. Qf5 Qh6 26. Qxd5 Rfd8 27. Qe5 Bd6 28. Rxc8 Rxc8 29. Qxa5 0-1